Electrosynthesis of a poly(1,5-diaminonaphthalene) - polypyrrole nanowire bilayer for trichlorfon insecticide biosensing /

Spremljeno u:
Bibliografski detalji
Glavni autor: Nguyen Van Anh.
Daljnji autori: Do Phuc Quan., Nguyen Le Huy., Nguyen Tuan Dung., Tran Dai Lam., Vuong Thi Bich Hien.
Format: Članak
Jezik:Vietnamese
Teme:
Oznake: Dodaj oznaku
Bez oznaka, Budi prvi tko označuje ovaj zapis!
Thư viện lưu trữ: Thư viện Trường Đại học Đà Lạt
LEADER 01046nam a2200349 4500
001 DLU180185277
005 ##20180529
040 # # |a DLU  |b vie 
041 # # |a vie 
044 # # |a vn 
100 # # |a Nguyen Van Anh. 
245 # # |a Electrosynthesis of a poly(1,5-diaminonaphthalene) - polypyrrole nanowire bilayer for trichlorfon insecticide biosensing /  |c Nguyen Van Anh, ...[et al.]. 
653 # # |a Acetylcholinesterase 
653 # # |a Biosensors 
653 # # |a Poly(1,5-diaminonaphthalene) 
653 # # |a Polypyrrole nanowire 
653 # # |a Trichlorfon 
700 # # |a Do Phuc Quan. 
700 # # |a Nguyen Le Huy. 
700 # # |a Nguyen Tuan Dung. 
700 # # |a Tran Dai Lam. 
700 # # |a Vuong Thi Bich Hien. 
773 # # |t Hóa học  |g Số 4, 2016, tr. 491-495 
920 # # |a Phòng Tạp chí -- Trung tâm Thông tin - Thư viện Trường Đại học Đà Lạt 
994 # # |a DLU 
900 # # |a True 
911 # # |a Hoàng Thị Huyền 
925 # # |a G 
926 # # |a A 
927 # # |a BB 
980 # # |a Thư viện Trường Đại học Đà Lạt